Капитаны сборной России по футболу - Statistics

General Stats
  • This quiz has been taken 48 times
  • The average score is 12 of 21
Answer Stats
Hint Answer % Correct
2007 Андрей Аршавин
94%
2009 - 2012 Андрей Аршавин
94%
2018 - 2021 Артём Дзюба
94%
2017 -2018 Игорь Акинфеев
92%
2008 - 2009 Сергей Семак
75%
1993 Виктор Онопко
72%
1994 - 2002 Виктор Онопко
72%
2003 - 2004 Виктор Онопко
72%
2014 Василий Березуцкий
72%
2016 Василий Березуцкий
72%
2023 - н.в. Александр Головин
64%
2021 - 2023 Георгий Джикия
61%
2014 - 2016 Роман Широков
50%
1992 Станислав Черчесов
47%
2002 - 2003 Алексей Смертин
39%
2004 - 2006 Алексей Смертин
39%
2012 - 2014 Игорь Денисов
31%
2006 Евгений Алдонин
28%
1994 Дмитрий Харин
19%
1993 Игорь Шалимов
17%
1994 Александр Бородюк
6%
No matching quizzes found
Score Distribution
Percent of People with Each Score
Percentile by Number Answered
Your Score History
You have not taken this quiz